[Event "Quang Ninh GM2 2nd"]
[Site "Ha Long"]
[Date "2025.06.07"]
[Round "2"]
[White "Setyaki, Azarya Jodi"]
[Black "Mohammad Fahad, Rahman"]
[Result "1/2-1/2"]
[WhiteElo "2343"]
[BlackElo "2427"]
[PlyCount "63"]
[EventDate "2025.06.06"]
[EventType "tourn"]
[EventRounds "10"]
[EventCountry "VIE"]
[EventCategory "6"]
[SourceTitle "CB26_2025"]
[SourceDate "2025.06.25"]
[SourceVersion "1"]
[SourceVersionDate "2025.06.25"]
[SourceQuality "1"]

1. e4 e5 2. Nc3 Nf6 3. f4 d5 4. fxe5 Nxe4 5. Qf3 f5 6. d3 Nxc3 7. bxc3 d4 8. Qg3 Nc6 9. Be2 Qd5 10. Kd1 Bd7 11. Bf3 Qc5 12. c4 0-0-0 13. Rb1 a6 14. Ne2 b5 15. Bd5 Ne7 16. Bf7 h6 17. Rb3 Nc6 18. Bd5 Na5 19. Ba3 Qb6 20. Bxf8 Rhxf8 21. e6 Bxe6 22. c5 Qxc5 23. Bxe6+ Kb8 24. Qxg7 Qd6 25. Qxh6 Nxb3 26. axb3 Rde8 27. Nf4 Rh8 28. Qg5 Ref8 29. Ng6 Re8 30. Nf4 Ref8 31. Ng6 Re8 32. Nf4 1/2-1/2

[Event "BAN-chT Premier"]
[Site "Dhaka"]
[Date "2025.04.29"]
[Round "6.2"]
[White "Amin"]
[Black "Mohammad Fahad, Rahman"]
[Result "0-1"]
[WhiteElo "1955"]
[BlackElo "2421"]
[PlyCount "66"]
[EventDate "2025.04.24"]
[EventType "team-tourn"]
[EventRounds "9"]
[EventCountry "BAN"]
[SourceTitle "CB20_2025"]
[SourceDate "2025.05.14"]
[SourceVersion "1"]
[SourceVersionDate "2025.05.14"]
[SourceQuality "1"]
[WhiteTeam "Khelaghor Daba Sangah"]
[BlackTeam "Titas CC"]
[WhiteTeamCountry "BAN"]
[BlackTeamCountry "BAN"]

1. d4 Nf6 2. Nf3 g6 3. Bf4 Bg7 4. e3 d6 5. h3 0-0 6. Be2 Nbd7 7. 0-0 Re8 8. c4 e5 9. dxe5 Ne4 10. Nbd2 dxe5 11. Bh2 Nd6 12. Qc2 b6 13. b4 c5 14. bxc5 Nxc5 15. Rad1 Bf5 16. Qc1 Qe7 17. Nb3 Rac8 18. g4 Be4 19. Nxc5 Rxc5 20. Nd2 Ba8 21. Nb3 Rcc8 22. Qa3 Qb7 23. f3 Nxc4 24. Bxc4 Rxc4 25. Qd6 Bh6 26. e4 Rxe4 27. Qd7 Qxd7 28. Rxd7 Ra4 29. Nc1 Be3+ 30. Kg2 Rc4 31. Nd3 Rc2+ 32. Nf2 Bc6 33. Rd3 Bc5 0-1

[Event "BAN-chT Premier"]
[Site "Dhaka"]
[Date "2025.04.24"]
[Round "1.3"]
[White "Mohammad Fahad, Rahman"]
[Black "Kaustuv, Kundu"]
[Result "1/2-1/2"]
[WhiteElo "2421"]
[BlackElo "2407"]
[PlyCount "139"]
[EventDate "2025.04.24"]
[EventType "team-tourn"]
[EventRounds "9"]
[EventCountry "BAN"]
[SourceTitle "CB20_2025"]
[SourceDate "2025.05.14"]
[SourceVersion "1"]
[SourceVersionDate "2025.05.14"]
[SourceQuality "1"]
[WhiteTeam "Titas CC"]
[BlackTeam "Leonine CC"]
[WhiteTeamCountry "BAN"]
[BlackTeamCountry "BAN"]

1. d4 Nf6 2. c4 g6 3. Nf3 Bg7 4. g3 d6 5. Bg2 Bf5 6. Nc3 Ne4 7. Nxe4 Bxe4 8. 0-0 0-0 9. Qb3 Nd7 10. Rd1 c5 11. Bh3 Bxf3 12. Qxf3 cxd4 13. Qxb7 Nc5 14. Qf3 Rb8 15. b3 d3 16. Rb1 Qa5 17. Bg5 Qxa2 18. exd3 Nxb3 19. Rxb3 Rxb3 20. Bxe7 Re8 21. Bxd6 Bd4 22. c5 Qe2 23. Bg4 Qxf3 24. Bxf3 Rb2 25. Rf1 Rc2 26. c6 Bb6 27. g4 Rd2 28. Kg2 Rxd3 29. Bg3 Re7 30. Rb1 h6 31. h4 Rc3 32. Rb5 Rc2 33. h5 gxh5 34. Rxh5 Re6 35. Rf5 Rcxc6 36. Bxc6 Rxc6 37. Re5 Re6 38. Rd5 Re2 39. Kf3 Rc2 40. Rd6 Kg7 41. Be5+ Kh7 42. Bg3 Ra2 43. Rc6 Rb2 44. Rc8 Rb5 45. Ke4 h5 46. Be5 f6 47. Bxf6 hxg4 48. Kf4 Kg6 49. Bc3 Rf5+ 50. Kxg4 Rxf2 51. Rc4 Rc2 52. Kf3 Kf5 53. Rf4+ Ke6 54. Bd4 Kd5 55. Bxb6 axb6 56. Ke3 Rc4 57. Rf5+ Kc6 58. Kd2 Kb7 59. Kd3 Rc6 60. Rf1 Rc5 61. Kd4 Kc6 62. Rb1 Kb7 63. Ra1 Rc8 64. Ra3 Rc1 65. Rc3 Rb1 66. Kc4 b5+ 67. Kc5 b4 68. Rc4 b3 69. Rb4+ Ka6 70. Ra4+ 1/2-1/2

[Event "Titled Tuesday intern op 01st Apr Early"]
[Site "Chess.com INT"]
[Date "2025.04.01"]
[Round "6"]
[White "Le, Minh Tu"]
[Black "Mohammad Fahad, Rahman"]
[Result "1/2-1/2"]
[WhiteElo "1933"]
[BlackElo "2431"]
[PlyCount "70"]
[EventDate "2025.04.01"]
[EventType "swiss (blitz)"]
[EventRounds "11"]
[EventCountry "USA"]
[SourceTitle "CB15_2025"]
[SourceDate "2025.04.09"]
[SourceVersion "1"]
[SourceVersionDate "2025.04.09"]
[SourceQuality "1"]

1. e4 c5 2. Nf3 Nc6 3. c3 d5 4. exd5 Qxd5 5. d4 Nf6 6. Be2 g6 7. Na3 Bg7 8. Nb5 Qd8 9. dxc5 Nd7 10. Bf4 0-0 11. Nc7 e5 12. Nxa8 exf4 13. 0-0 Re8 14. Bb5 Qa5 15. Bxc6 bxc6 16. Qd6 Nxc5 17. Nc7 Bf8 18. Qxc6 Bd7 19. b4 Bxc6 20. bxa5 Rc8 21. Rfd1 Bxf3 22. gxf3 Rxc7 23. Rd8 Kg7 24. Rad1 Ne6 25. R8d7 Rxc3 26. Rxa7 Bc5 27. Rb7 Rxf3 28. Rdd7 Ng5 29. h4 Bxf2+ 30. Kg2 Bxh4 31. Rxf7+ Kg8 32. Rg7+ Kf8 33. Rgf7+ Kg8 34. Rg7+ Kf8 35. Rgf7+ Kg8 1/2-1/2

[Event "Asia zt 3.2"]
[Site "Colombo"]
[Date "2025.03.11"]
[Round "2"]
[White "Mohammad Fahad, Rahman"]
[Black "Sivathanujan, S."]
[Result "1-0"]
[WhiteElo "2431"]
[BlackElo "2023"]
[PlyCount "65"]
[EventDate "2025.03.11"]
[EventType "swiss"]
[EventRounds "9"]
[EventCountry "SRI"]
[SourceTitle "CB13_2025"]
[SourceDate "2025.03.26"]
[SourceVersion "1"]
[SourceVersionDate "2025.03.26"]
[SourceQuality "1"]

1. d4 d5 2. c4 e5 3. dxe5 d4 4. Nf3 Nc6 5. a3 Nge7 6. b4 Ng6 7. Bb2 a5 8. b5 Ncxe5 9. Nxe5 Nxe5 10. Bxd4 Nxc4 11. e3 Be6 12. Qc2 Nd6 13. Bd3 Qd7 14. Nc3 Nf5 15. Ne2 Nxd4 16. Nxd4 Bd6 17. 0-0 Qe7 18. Be4 Rb8 19. Bxb7 0-0 20. Be4 Qh4 21. g3 Qh5 22. Nxe6 fxe6 23. a4 Rf7 24. Rad1 Rbf8 25. b6 Qe5 26. Bxh7+ Kh8 27. b7 g5 28. Be4 g4 29. Rd4 Bc5 30. Bg6 Rf6 31. Rd7 Bxe3 32. Rh7+ Kg8 33. Bf7+ 1-0

[Event "Hanoi GM2"]
[Site "Hanoi"]
[Date "2025.01.12"]
[Round "4"]
[White "Mohammad Fahad, Rahman"]
[Black "Dinh, Nho Kiet"]
[Result "1-0"]
[WhiteElo "2430"]
[BlackElo "2358"]
[PlyCount "87"]
[EventDate "2025.01.10"]
[EventType "tourn"]
[EventRounds "9"]
[EventCountry "VIE"]
[EventCategory "6"]
[SourceTitle "CB04_2025"]
[SourceDate "2025.01.22"]
[SourceVersion "1"]
[SourceVersionDate "2025.01.22"]
[SourceQuality "1"]

1. d4 Nf6 2. c4 e6 3. Nf3 b6 4. g3 Bb7 5. Bg2 Be7 6. 0-0 0-0 7. d5 exd5 8. Nh4 c6 9. cxd5 Nxd5 10. Nf5 Nc7 11. Nc3 d5 12. e4 Bf6 13. Bf4 Bc8 14. Rc1 Bxf5 15. Bxc7 Qxc7 16. Nxd5 Qd8 17. Nxf6+ Qxf6 18. exf5 Qxf5 19. Re1 Qf6 20. Qb3 Kh8 21. Qa3 Kg8 22. b4 b5 23. Rcd1 a6 24. Qe3 a5 25. Qa3 Na6 26. bxa5 b4 27. Qe3 Nb8 28. Qc5 g6 29. Re5 Na6 30. Qd6 Kg7 31. Bxc6 Rad8 32. Qxf6+ Kxf6 33. Rxd8 Rxd8 34. Rb5 Rd1+ 35. Kg2 Nc7 36. Rb6 Ne6 37. a6 Rd2 38. a7 Rxa2 39. Rb7 Nc5 40. Rxf7+ Ke6 41. Rxh7 b3 42. a8Q Rxa8 43. Bxa8 b2 44. Be4 1-0

[Event "Budapest FS10 GM"]
[Site "Budapest"]
[Date "2024.10.08"]
[Round "4"]
[White "Mohammad Fahad, Rahman"]
[Black "Kovalev, Andrei"]
[Result "1/2-1/2"]
[WhiteElo "2431"]
[BlackElo "2412"]
[PlyCount "110"]
[EventDate "2024.10.05"]
[EventType "swiss"]
[EventRounds "9"]
[EventCountry "HUN"]
[SourceTitle "CB45_2024"]
[Source "ChessBase"]
[SourceDate "2024.11.06"]
[SourceVersion "1"]
[SourceVersionDate "2024.11.06"]
[SourceQuality "1"]

1. e4 c5 2. Nf3 e6 3. d4 cxd4 4. Nxd4 a6 5. c4 Nf6 6. Nc3 Bb4 7. Qc2 Qc7 8. Bd3 Nc6 9. Nxc6 dxc6 10. 0-0 Bd6 11. f4 e5 12. f5 b5 13. a3 Bb7 14. Kh1 0-0 15. Bg5 Be7 16. Rad1 h6 17. Be3 a5 18. c5 b4 19. Na4 Ba6 20. Bxa6 Rxa6 21. Nb6 bxa3 22. bxa3 a4 23. Rd3 Re8 24. Rfd1 Qb8 25. h3 Nxe4 26. Qc4 Ng3+ 27. Kg1 e4 28. Rd7 Nxf5 29. Qxa6 Nxe3 30. Rc1 Qg3 31. Qe2 Nxg2 32. Qf2 Qxa3 33. Rc4 Nh4 34. Rxe7 Nf3+ 35. Qxf3 Qxf3 36. Rxe8+ Kh7 37. Rcxe4 a3 38. Ra4 Qg3+ 39. Kf1 Qxh3+ 40. Ke2 Qc3 41. Rea8 Qxc5 42. Nc4 a2 43. Ne3 Qb5+ 44. Kf3 Qh5+ 45. Ke4 Qh1+ 46. Kd4 f5 47. Kc4 Qg1 48. Kd3 c5 49. Nc2 h5 50. Rxa2 h4 51. Ne3 c4+ 52. Ke2 Qg3 53. Kd2 h3 54. Rf8 c3+ 55. Ke2 Qe5 1/2-1/2

[Event "Budapest FS10 GM"]
[Site "Budapest"]
[Date "2024.10.07"]
[Round "3"]
[White "Md, Imran"]
[Black "Mohammad Fahad, Rahman"]
[Result "0-1"]
[WhiteElo "2391"]
[BlackElo "2431"]
[PlyCount "62"]
[EventDate "2024.10.05"]
[EventType "swiss"]
[EventRounds "9"]
[EventCountry "HUN"]
[SourceTitle "CB45_2024"]
[Source "ChessBase"]
[SourceDate "2024.11.06"]
[SourceVersion "1"]
[SourceVersionDate "2024.11.06"]
[SourceQuality "1"]

1. Nf3 Nf6 2. b3 c5 3. Bb2 Nc6 4. c4 d5 5. cxd5 Nxd5 6. g3 f6 7. Bg2 e5 8. Nc3 Be6 9. 0-0 Be7 10. Nh4 0-0 11. Qb1 Nxc3 12. dxc3 f5 13. Bxc6 bxc6 14. Ng2 c4 15. Qc1 f4 16. Ba3 c5 17. bxc4 Bxc4 18. Qc2 f3 19. exf3 Qa5 20. Bc1 Bxf1 21. Kxf1 Rxf3 22. Be3 Raf8 23. Kg1 c4 24. Qd2 Kh8 25. Rf1 Bd8 26. Qe2 Qxc3 27. Bxa7 Qa3 28. Be3 Qd3 29. Qb2 c3 30. Qb3 Ba5 31. Ne1 Qxe3 0-1

[Event "Olympiad-45"]
[Site "Budapest"]
[Date "2024.09.15"]
[Round "5.39"]
[White "Ahmad, Al Khatib"]
[Black "Mohammad Fahad, Rahman"]
[Result "0-1"]
[WhiteElo "2302"]
[BlackElo "2419"]
[PlyCount "118"]
[EventDate "2024.09.11"]
[EventType "team-swiss"]
[EventRounds "11"]
[EventCountry "HUN"]
[SourceTitle "EXT 2025"]
[Source "ChessBase"]
[SourceDate "2024.10.14"]
[SourceVersion "1"]
[SourceVersionDate "2024.10.14"]
[SourceQuality "1"]
[WhiteTeam "Jordan"]
[BlackTeam "Bangladesh"]
[WhiteTeamCountry "JOR"]
[BlackTeamCountry "BAN"]

1. d4 d5 2. Nf3 Nf6 3. c4 e6 4. cxd5 exd5 5. Qc2 g6 6. Bg5 c6 7. Nc3 Be7 8. e3 Bf5 9. Bd3 Bxd3 10. Qxd3 Nbd7 11. 0-0 0-0 12. Qc2 Re8 13. Bxf6 Nxf6 14. Ne5 Bd6 15. f4 Qe7 16. a3 a5 17. Rf3 Rac8 18. Raf1 Rf8 19. g4 Bxe5 20. fxe5 Nxg4 21. h3 Nxe3 22. Rxe3 Qg5+ 23. Kf2 Qf4+ 24. Ke2 Qxd4 25. Qa4 Qb6 26. Nd1 Rce8 27. Rf4 c5 28. Rf6 Qc7 29. Qf4 Re6 30. Nf2 h5 31. Rxe6 fxe6 32. Qg3 Kg7 33. Rf3 Rxf3 34. Kxf3 Qf7+ 35. Kg2 c4 36. h4 b5 37. Qf3 b4 38. axb4 axb4 39. Qxf7+ Kxf7 40. Kf3 g5 41. hxg5 Kg6 42. Nh3 b3 43. Nf4+ Kxg5 44. Nxe6+ Kf5 45. Nf4 c3 46. Nd3 cxb2 47. Nxb2 Kxe5 48. Ke3 h4 49. Nd3+ Kf5 50. Kf3 d4 51. Nb2 h3 52. Nd3 h2 53. Kg2 Kg4 54. Kxh2 Kf3 55. Kg1 Ke3 56. Nb2 Ke2 57. Na4 d3 58. Nc3+ Ke1 59. Kg2 d2 0-1

[Event "Olympiad-45"]
[Site "Budapest"]
[Date "2024.09.14"]
[Round "4.16"]
[White "Mohammad Fahad, Rahman"]
[Black "Vachier Lagrave, Maxime"]
[Result "0-1"]
[WhiteElo "2419"]
[BlackElo "2731"]
[PlyCount "86"]
[EventDate "2024.09.11"]
[EventType "team-swiss"]
[EventRounds "11"]
[EventCountry "HUN"]
[SourceTitle "EXT 2025"]
[Source "ChessBase"]
[SourceDate "2024.10.14"]
[SourceVersion "1"]
[SourceVersionDate "2024.10.14"]
[SourceQuality "1"]
[WhiteTeam "Bangladesh"]
[BlackTeam "France"]
[WhiteTeamCountry "BAN"]
[BlackTeamCountry "FRA"]

1. d4 Nf6 2. c4 e6 3. Nf3 d5 4. Nc3 dxc4 5. e4 b5 6. e5 Nd5 7. Nxb5 Nb6 8. a4 Qd7 9. Na3 Bb4+ 10. Bd2 Bxa3 11. Rxa3 a5 12. b3 Nc6 13. bxc4 Ba6 14. d5 Nb4 15. dxe6 fxe6 16. Qb3 0-0 17. Be2 Rad8 18. Bxb4 axb4 19. Ra2 Bxc4 20. Bxc4 Nxc4 21. 0-0 Qd5 22. Rc2 Na3 23. Qxd5 Rxd5 24. Rxc7 Rb8 25. h4 Rd3 26. a5 b3 27. a6 b2 28. Rb7 Rxb7 29. axb7 Rb3 30. Nd2 Rxb7 31. Nb1 Nc4 32. f4 Ne3 33. Re1 Nf5 34. Kf2 h5 35. Nd2 Nxh4 36. Rb1 Rb4 37. g3 Nf5 38. Nf3 Kf7 39. Nd2 Ke7 40. Nf3 Kd7 41. Nd2 Kc6 42. Nf3 Kc5 43. Ng5 Kd5 0-1

[Event "Olympiad-45"]
[Site "Budapest"]
[Date "2024.09.12"]
[Round "2.21"]
[White "Le, Quang Liem"]
[Black "Mohammad Fahad, Rahman"]
[Result "1-0"]
[WhiteElo "2741"]
[BlackElo "2419"]
[PlyCount "67"]
[EventDate "2024.09.11"]
[EventType "team-swiss"]
[EventRounds "11"]
[EventCountry "HUN"]
[SourceTitle "EXT 2025"]
[Source "ChessBase"]
[SourceDate "2024.10.14"]
[SourceVersion "1"]
[SourceVersionDate "2024.10.14"]
[SourceQuality "1"]
[WhiteTeam "Vietnam"]
[BlackTeam "Bangladesh"]
[WhiteTeamCountry "VIE"]
[BlackTeamCountry "BAN"]

1. c4 e6 2. Nf3 d5 3. e3 Nf6 4. Nc3 c6 5. b3 Bd6 6. Bb2 0-0 7. Be2 b6 8. Qc2 Bb7 9. Rg1 e5 10. g4 Na6 11. g5 Nd7 12. a3 Rc8 13. h4 e4 14. Nd4 Ne5 15. f4 exf3 16. Nxf3 Nxf3+ 17. Bxf3 Qe7 18. h5 Rfd8 19. Bg4 Rc7 20. Bf5 d4 21. Ne4 Be5 22. 0-0-0 Kh8 23. h6 g6 24. exd4 Rxd4 25. Rge1 c5 26. Nf6 Bf3 27. Bg4 Bxd1 28. Kxd1 Nb8 29. Bxd4 cxd4 30. Qe4 Bxf6 31. gxf6 Qf8 32. Qf4 Rc5 33. Re7 Nc6 34. Qe4 1-0

[Event "Abu Dhabi Masters Online"]
[Site "Chess.com INT"]
[Date "2024.08.21"]
[Round "10"]
[White "Mohammad Fahad, Rahman"]
[Black "Demchenko, Anton"]
[Result "0-1"]
[WhiteElo "2419"]
[BlackElo "2597"]
[PlyCount "50"]
[EventDate "2024.08.21"]
[EventType "swiss (blitz)"]
[EventRounds "11"]
[EventCountry "UAE"]
[SourceTitle "CBM 221 Extra"]
[Source "ChessBase"]
[SourceDate "2024.09.30"]
[SourceVersion "1"]
[SourceVersionDate "2024.09.30"]
[SourceQuality "1"]

1. Nf3 f5 2. d4 Nf6 3. c4 e6 4. g3 d5 5. Bg2 Bd6 6. 0-0 0-0 7. Bf4 Bxf4 8. gxf4 c6 9. Nbd2 Bd7 10. Ne5 Be8 11. Qb3 Qb6 12. c5 Qc7 13. Ndf3 Bh5 14. Ng5 Re8 15. e4 h6 16. Qh3 dxe4 17. Qh4 Nbd7 18. Rae1 Nxe5 19. dxe5 hxg5 20. Qxg5 Nd5 21. Qxh5 Nxf4 22. Qg5 Qxe5 23. Re3 Rad8 24. Bxe4 Qxe4 25. Rg3 Ne2# 0-1

[Event "Abu Dhabi Masters Online"]
[Site "Chess.com INT"]
[Date "2024.08.21"]
[Round "1"]
[White "Mohammad Fahad, Rahman"]
[Black "Pogorelskikh, Sofia"]
[Result "1-0"]
[WhiteElo "2419"]
[BlackElo "2176"]
[PlyCount "45"]
[EventDate "2024.08.21"]
[EventType "swiss (blitz)"]
[EventRounds "11"]
[EventCountry "UAE"]
[SourceTitle "CBM 221 Extra"]
[Source "ChessBase"]
[SourceDate "2024.09.30"]
[SourceVersion "1"]
[SourceVersionDate "2024.09.30"]
[SourceQuality "1"]

1. d4 Nf6 2. c4 e6 3. Nc3 Bb4 4. f3 d5 5. a3 Bxc3+ 6. bxc3 0-0 7. cxd5 exd5 8. e3 Re8 9. Bd3 Nbd7 10. Ne2 Nb6 11. 0-0 Bd7 12. Ng3 Ba4 13. Qe2 Bb3 14. e4 Bc4 15. e5 Nfd7 16. f4 c5 17. f5 cxd4 18. cxd4 Bxd3 19. Qxd3 Nc4 20. f6 Qb6 21. Kh1 Nf8 22. fxg7 Ne6 23. Nh5 1-0